000 00276nam a2200145Ia 4500
100 _aAstrom/K.J.
942 _cBK
654 _aelectronics
245 _aPID Controller
260 _bnone
082 _a629.895
_bAST
300 _a323
546 _aENGLISH
999 _c35645
_d35645